000
00423nam a2200133Ia 4500
008
100328s9999 xx 000 0 und d
082
_b
43027
100
_a
सुखटणकर विनायक सदाशिव
245
_a
रवींद्र दर्शन
260
_b
चौारी
630
_a
रवींद्र दर्शन
730
_a
रवींद्र दर्शन
942
_c
BOOK
999
_c
531415
_d
531412